| 000 | 00508nam a2200193Ia 4500 | ||
|---|---|---|---|
| 003 | OSt | ||
| 005 | 20230607083609.0 | ||
| 008 | 210423s2011 xx 000 0 und d | ||
| 040 | _cAL | ||
| 041 | _aeng | ||
| 082 | _a658.404 MANP | ||
| 100 |
_aMANTEL (S J) _9120788 |
||
| 245 | _aProject management: care textbook | ||
| 260 |
_aNew Delhi _bWiley and Sons _c2011 |
||
| 365 |
_b479 _cINR |
||
| 650 |
_aExecutive Management _9120789 |
||
| 906 | _acare ; management: ; Project ; textbook | ||
| 942 |
_2ddc _cBK |
||
| 999 |
_c176030 _d176030 |
||